| 000 | 00837nam a22002175i 4500 | ||
|---|---|---|---|
| 001 | 177466 | ||
| 003 | ES-MaACL | ||
| 005 | 20250625063205.0 | ||
| 008 | 110325s1966 sp |||| | spa d | ||
| 080 | _a821.134.2 Cervantes Saavedra, Miguel de.09 | ||
| 100 | 1 |
_aGarciasol, Ramón de, _d1913-1994 _9236221 |
|
| 245 | 1 | 0 |
_aCervantes, humanizado / _cpor Ramón de Garciasol y Arturo del Hoyo. |
| 260 |
_aMadrid : _bCiencia Nueva, _cD. L. 1966. |
||
| 300 |
_a37 p. ; _c17 cm. |
||
| 490 | 1 | _aCuadernos del Club de Amigos de la Unesco de Madrid | |
| 600 | 1 | 4 |
_aCervantes Saavedra, Miguel de, _d1547-1616- _xCrítica e interpretación _937602 |
| 700 | 1 |
_aHoyo, Arturo del, _d1917-2004 _964424 |
|
| 830 | 0 |
_aCuadernos del Club de Amigos de la Unesco de Madrid _9224188 |
|
| 852 |
_aES-MaACL _j2294-F-1 |
||
| 999 |
_c177466 _d177466 |
||